00786ngm a2200253 4500003000400000005001700004007000500021008004100026010002000067024002300087035002000110040001300130082001500143245007700158260001600235300004800251440001600299538004900315538009700364650001100461700001800472700001700490700002500507dpl20090112160511.0DVD ||||||sp199 xxu|||||c ||| 00| 0 ng d  aDVD-002077-2078 c295.00aTDIDE 063C aDVD-002077-2078 aDPLcDPL aDVD / VAAS aVaastu :cTimes Music Presentsh[videorecording] DVD/bShuddhi & Shanti bTimes Music a1 compact disc ACD; bsd., c4 3/4 in.fACD aTimes Music aDolby Digital 5.1 - Hindi Subtitles: English aAnamorphic Wide Screen Format, Presented 2:35.1 Aspect Ratio Enhancaead for 16:9 Wide Screen aAudio  aPandit Jasraj aKedar Pandit aSharma, Rattan Mohan